Agrodiversity (Record no. 1292)
[ view plain ]
| 000 -LEADER | |
|---|---|
| fixed length control field | 00639cam a22001574a 4500 |
| 020 ## - ISBN | |
| International Standard Book Number | 9280810871 |
| 050 00 - LIBRARY OF CONGRESS CALL NUMBER | |
| Classification Number | S494.5.A43 |
| Item Number | A48 2003 |
| 245 00 - TITLE | |
| Title | Agrodiversity |
| Remainder of title | learning from farmers across the world |
| Statement of responsibility, etc | edited by Harold Brookfield, Helen Parsons, and Muriel Brookfield. |
| 260 ## - PUBLICATION, DISTRIBUTION, ETC.(IMPRINT) | |
| Place of publication, distribution, etc | Tokyo ; |
| -- | New York : |
| Name of publisher, distributor, etc | United Nations University Press : |
| -- | UNEP : |
| -- | GEF, |
| Date of publication, distribution, etc | c2003. |
| 300 ## - PHYSICAL DESCRIPTION | |
| Extent | xxiii, 343 p. |
| 500 ## - GENERALNOTE | |
| General note | Some of the finds of the international project Project on People, Land Management and Environmental Change--Prelim. p. |
| 700 1# - ADDED ENTRY--PERSONAL AUTHOR | |
| Personal Name | Brookfield, H. C. |
| 700 1# - ADDED ENTRY--PERSONAL AUTHOR | |
| Personal Name | Parsons, Helen. |
| 700 1# - ADDED ENTRY--PERSONAL AUTHOR | |
| Personal Name | Brookfield, Muriel. |
| 942 ## - ADDED ENTRY ELEMENTS(KOHA) | |
| Koha item type | General circulation |
| Source of classification or shelving scheme | Not for loan | Location (home branch) | Sublocation (holding branch) | Date accessioned | Cost, normal purchase price | Full call number | Barcode | Cost, replacement price | Koha item type | Public note |
|---|---|---|---|---|---|---|---|---|---|---|
| Library of Congress Classification | Main Campus Library | Main Campus Library | 19/08/2014 | 2001.00 | S494.5.A43 A48 2003 | 2019/023372 | 2501.00 | General circulation | kim |